| 000 | 00422nam a2200169Ia 4500 | ||
|---|---|---|---|
| 005 | 20250508161808.0 | ||
| 008 | 008 250505s9999 xx 000 0 hin d | ||
| 037 | _aTextual | ||
| 040 |
_aFEDL _beng _cFEDL |
||
| 041 |
_ahin _2eng |
||
| 084 |
_aFH, SHA _qFEDL |
||
| 100 |
_aChahir Sen Shastri _9771574 |
||
| 245 | 0 | _aAadarsh balak | |
| 300 | _a120p. | ||
| 942 |
_cTEXL _hFH, SHA |
||
| 999 |
_c1372250 _d1372250 |
||